00505nam a2200145Ia 4500008004100000041000800041082001700049100002000066245004400086260003900130300003200169365001100201999001700212952013000229240624s9999 xx 000 0 und d aeng a658.8342 BIJ aBIJAPURKAR RAMA aWE ARE LIKE THAT ONLY UNDERSTANDING THE c2009aNew DelhibPenguin Portfolio axvii, : 294 : p. : cm. ; 21 cRSb30 c14322d14322 02104070aIMTNbIMTNcRack 37-Bd2010-01-27ePSBEg399.00n688o658.8342 BIJp14322r2024-06-24 00:00:00t1w2024-06-24yBK